Normal view
MARC view
- الشعر العربي - العراق - تاريخ العصر الحديث
Entry Topical Term
001 - CONTROL NUMBER
- control field: 10787
003 - CONTROL NUMBER IDENTIFIER
- control field: JO-AjAnu
005 - DATE AND TIME OF LATEST TRANSACTION
- control field: 20230606072030.0
008 - FIXED-LENGTH DATA ELEMENTS
- fixed length control field: 230606|| aca||aabn | a|a d
040 ## - CATALOGING SOURCE
- Original cataloging agency: JO-AjAnu
- Transcribing agency: JO-AjAnu
150 ## - HEADING--TOPICAL TERM
- Topical term or geographic name entry element: الشعر العربي - العراق - تاريخ العصر الحديث
670 ## - SOURCE DATA FOUND
- Source citation: Work cat.: (JO-AjAnu)5554: تأليف جعفر،عبد الكريم راضي, author 10786, رماد الشعر:دراسة في البنية الموضوعية والفنية للشعر الوجداني الحديث في العراق